[Event "Isla de la Palma Semana Santa op 3rd"]
[Site "Isla de la Palma"]
[Date "2018.03.25"]
[Round "3"]
[White "Wiebe, Karl Heinz Hartmut"]
[Black "Colovic, Aleksandar"]
[Result "0-1"]
[WhiteElo "1372"]
[BlackElo "2439"]
[PlyCount "76"]
[EventDate "2018.03.24"]
[EventType "swiss"]
[EventRounds "7"]
[EventCountry "ESP"]
[SourceTitle "CBM 183 Extra"]
[Source "ChessBase"]
[SourceDate "2018.04.19"]
[SourceVersion "1"]
[SourceVersionDate "2018.04.19"]
[SourceQuality "1"]

1. e4 c5 2. Nc3 Nc6 3. Nf3 e6 4. b3 a6 5. Bb2 Nf6 6. Bd3 Qc7 7. Ne2 Nb4 8. h3 b5 9. e5 Nxd3+ 10. cxd3 Nd5 11. a3 Bb7 12. Nc3 Nf4 13. 0-0 Nxd3 14. Ra2 Nxb2 15. Rxb2 Be7 16. d3 0-0 17. Re1 f6 18. Rbe2 Bxf3 19. gxf3 fxe5 20. Kg2 Rf5 21. Ne4 Raf8 22. Re3 Bg5 23. Nxg5 Rxg5+ 24. Kf1 d6 25. Ke2 Rgf5 26. Rg1 d5 27. Kd2 d4 28. Re4 Rxf3 29. Reg4 Qa5+ 30. b4 Rxf2+ 31. Ke1 Qc7 32. Rg5 cxb4 33. Rxg7+ Qxg7 34. Rxg7+ Kxg7 35. Qg4+ Kh8 36. Qg3 Rf1+ 37. Ke2 R8f2+ 38. Qxf2 Rxf2+ 0-1